000 00386nam a2200145Ia 4500
008 231129s1974||||xx |||||||||||||| ||spa||
020 _a84-03-18192-2
040 _bspa
082 _a339.201 A425t
100 _aAllen R.G.D
245 0 _aTeoria macroeconomica: Tratamiento matematico
260 _c1974
264 _aAguilar
942 _2ddc
_cBKS
999 _c25235
_d25235